Innovation and productivity in services

Gespeichert in:
Bibliographische Detailangaben
Format: Buch
Sprache:Englisch
Veröffentlicht: Paris OECD 2001
Schriftenreihe:Industry, services and trade
Schlagworte:
Tags: Tag hinzufügen
Keine Tags, Fügen Sie das erste Tag hinzu!

MARC

LEADER 00000nam a2200000 4500
001 c127713
005 20221124105220.1
020 |a 92-64-18609-3 
041 0 |a eng 
044 |a FR 
245 1 0 |a Innovation and productivity in services 
264 1 |a Paris  |b OECD  |c 2001 
300 |a 156 s. 
490 1 |a Industry, services and trade 
830 0 |a Industry, services and trade 
610 2 0 |a inovácia 
610 2 0 |a produktivita 
610 2 0 |a služby 
610 2 0 |a priemysel 
610 2 0 |a obchod 
610 2 0 |a reštaurácie 
610 2 0 |a hotely 
610 2 0 |a produkt národný hrubý 
610 2 0 |a porovnanie medzinárodné 
610 2 0 |a svet 
610 2 0 |a OECD